[Event "NAYCC U10"]
[Site "Kingston CAN"]
[Date "2019.08.16"]
[Round "1.39"]
[White "Jiang, Barron Jiyu"]
[Black "Zuo, Roger"]
[Result "1-0"]
[WhiteElo "1421"]
[BlackElo "1034"]
[PlyCount "117"]
[EventDate "2019.08.16"]
[EventType "swiss"]
[EventRounds "9"]
[EventCountry "CAN"]

1. e4 e5 2. Nf3 Nc6 3. d4 exd4 4. Nxd4 Bc5 5. Nb3 Be7 6. Be3 Nf6 7. Nc3 b6 8.
Be2 Bb7 9. O-O O-O 10. f4 d6 11. Bf3 Re8 12. Qe2 Bf8 13. Rad1 a5 14. Qf2 Nb8
15. e5 Qe7 16. Bxb7 Ng4 17. Qf3 Nxe3 18. Qxe3 Ra7 19. Be4 dxe5 20. fxe5 Qxe5
21. Rfe1 a4 22. Nd4 Bc5 23. Bxh7+ Kxh7 24. Qh3+ Kg8 25. Rxe5 Rxe5 26. Qc8+ Kh7
27. Qxb8 Ra5 28. Qxc7 Rf5 29. Qg3 Rg5 30. Qh4+ Kg6 31. Ne4 Bxd4+ 32. Rxd4 Rh5
33. Rd6+ Kh7 34. Qg4 Rae5 35. Rd8 Rhf5 36. h4 g6 37. Ng5+ Kg7 38. Nf3 Rd5 39.
Rxd5 Rxd5 40. Qe4 Rh5 41. Ng5 b5 42. Qe5+ Kf8 43. Qb8+ Ke7 44. Qb7+ Kf6 45.
Qxf7+ Ke5 46. Qe6+ Kf4 47. Qe4+ Kg3 48. Qxg6 Rxh4 49. Nh3+ Rg4 50. Qd3+ Kh4 51.
Qxb5 Kg3 52. c4 Kh4 53. c5 Kg3 54. c6 Kh4 55. c7 Kg3 56. c8=Q Re4 57. Qd3+ Kh4
58. Qxe4+ Kh5 59. Qh8# 1-0

[Event "NAYCC U10"]
[Site "Kingston CAN"]
[Date "2019.08.16"]
[Round "1.40"]
[White "Murali, Dhruv"]
[Black "Williamson, Mobius"]
[Result "0-1"]
[WhiteElo "972"]
[BlackElo "1420"]
[PlyCount "154"]
[EventDate "2019.08.16"]
[EventType "swiss"]
[EventRounds "9"]
[EventCountry "CAN"]

1. d4 d5 2. c4 c6 3. Nf3 Nf6 4. Nc3 Bf5 5. Bf4 a6 6. Qa4 Nbd7 7. Qb3 Qb6 8. e3
Qxb3 9. axb3 e6 10. Be2 Nh5 11. Ne5 Nxf4 12. exf4 Nxe5 13. fxe5 Bb4 14. O-O
Bxc3 15. bxc3 Ke7 16. Ra4 dxc4 17. bxc4 Rhb8 18. c5 Be4 19. f3 Bg6 20. Rfa1 h6
21. R1a2 Kd7 22. Rb2 Kc7 23. Kf2 Bf5 24. g4 Bg6 25. h4 Kd7 26. h5 Bh7 27. Rab4
Ra7 28. Ra4 Raa8 29. f4 Ke7 30. g5 Bf5 31. Kg3 Be4 32. c4 Kd7 33. Ra3 Kc7 34.
Bd3 Bxd3 35. Rxd3 Rd8 36. Rdb3 Rab8 37. Rd3 Rd7 38. Kg4 Rbd8 39. Rdb3 Rb8 40.
Rd2 a5 41. Ra3 Rbd8 42. Rxa5 Rxd4 43. Rxd4 Rxd4 44. Ra4 Rd1 45. Ra3 Rg1+ 46.
Rg3 Rc1 47. gxh6 gxh6 48. Kf3 Rc3+ 49. Kg2 Rxg3+ 50. Kxg3 b5 51. Kf3 bxc4 52.
Ke4 Kb7 53. Kd4 Ka6 54. Kxc4 Ka5 55. Kc3 Kb5 56. Kd4 Kb4 57. Ke4 Kxc5 58. f5
exf5+ 59. Kxf5 Kd5 60. e6 fxe6+ 61. Kg6 e5 62. Kxh6 e4 63. Kg5 e3 64. h6 e2 65.
h7 e1=Q 66. h8=Q Qe5+ 67. Qxe5+ Kxe5 68. Kg4 Ke4 69. Kg3 Ke3 70. Kg2 c5 71. Kf1
Kd2 72. Kf2 c4 73. Kf3 c3 74. Ke4 c2 75. Kd4 c1=Q 76. Kd5 Qc3 77. Ke4 Qd3+ 0-1

[Event "NAYCC U10"]
[Site "Kingston CAN"]
[Date "2019.08.16"]
[Round "1.41"]
[White "Yao, Henry"]
[Black "Luo, Albert"]
[Result "1-0"]
[WhiteElo "1405"]
[BlackElo "960"]
[PlyCount "65"]
[EventDate "2019.08.16"]
[EventType "swiss"]
[EventRounds "9"]
[EventCountry "CAN"]

1. e4 e5 2. Nf3 Nc6 3. Bc4 Nd4 4. Nxd4 exd4 5. O-O c6 6. Qf3 Qf6 7. Qxf6 Nxf6
8. Re1 h5 9. c3 dxc3 10. bxc3 Bc5 11. d4 Bb6 12. Nd2 g5 13. e5 Nd5 14. Ne4 g4
15. Bxd5 cxd5 16. Nf6+ Kd8 17. Nxd5 Ba5 18. Bg5+ Ke8 19. Rac1 h4 20. Nf6+ Kf8
21. Nxg4 d6 22. Nf6 dxe5 23. Rxe5 h3 24. Rxa5 hxg2 25. Kxg2 Bh3+ 26. Kg3 b6 27.
Re5 a6 28. Rce1 Be6 29. d5 Bc8 30. Re8+ Kg7 31. Rxh8 Kxh8 32. Re8+ Kg7 33. Rg8#
1-0

[Event "NAYCC U10"]
[Site "Kingston CAN"]
[Date "2019.08.16"]
[Round "1.42"]
[White "Chen, Ricky"]
[Black "Liu, Lucas"]
[Result "0-1"]
[WhiteElo "954"]
[BlackElo "1401"]
[PlyCount "90"]
[EventDate "2019.08.16"]
[EventType "swiss"]
[EventRounds "9"]
[EventCountry "CAN"]

1. e4 c5 2. Nf3 Nc6 3. d4 cxd4 4. Nxd4 g6 5. Nc3 Bg7 6. Be3 Nf6 7. Bc4 O-O 8.
Qd2 Ng4 9. Nxc6 bxc6 10. O-O Nxe3 11. Qxe3 Rb8 12. Rab1 Qb6 13. Qxb6 Rxb6 14.
Rfd1 e6 15. Rd3 d5 16. exd5 cxd5 17. Bb3 Ba6 18. Rf3 Rc8 19. Na4 Rbb8 20. Re1
Bc4 21. h3 Bxb3 22. Rxb3 Rxb3 23. cxb3 Rc2 24. Rb1 Bd4 25. Rf1 Bxb2 26. Nxb2
Rxb2 27. Ra1 d4 28. Kf1 e5 29. f3 d3 30. Rd1 d2 31. Ke2 Rxa2 32. Rxd2 Rxd2+ 33.
Kxd2 Kf8 34. Kd3 f5 35. Kc4 Ke7 36. Kd5 Kf6 37. h4 h6 38. g3 g5 39. h5 g4 40.
fxg4 f4 41. gxf4 exf4 42. Ke4 Kg5 43. Kf3 a5 44. Kf2 Kxg4 45. Kg2 Kxh5 0-1

[Event "NAYCC U10"]
[Site "Kingston CAN"]
[Date "2019.08.16"]
[Round "1.43"]
[White "Yang, Andersen"]
[Black "Su, Leo"]
[Result "1-0"]
[WhiteElo "1400"]
[BlackElo "915"]
[PlyCount "111"]
[EventDate "2019.08.16"]
[EventType "swiss"]
[EventRounds "9"]
[EventCountry "CAN"]

1. e4 e5 2. Nf3 Nc6 3. d4 exd4 4. Nxd4 Bc5 5. Be3 Qf6 6. Nb5 Bxe3 7. fxe3 Qd8
8. Qf3 Nf6 9. N1c3 a6 10. Nd4 Nxd4 11. exd4 d6 12. h3 O-O 13. O-O-O a5 14. e5
Nd7 15. Bd3 dxe5 16. dxe5 Qe7 17. Nd5 Qc5 18. Qg3 c6 19. Nf6+ Nxf6 20. exf6 g6
21. Qf4 Re8 22. Rhe1 Bd7 23. Qh6 Qf8 24. Qxf8+ Kxf8 25. Rxe8+ Rxe8 26. Bxg6
Bxh3 27. Bxf7 Kxf7 28. gxh3 Kxf6 29. Rd7 Re3 30. Rxh7 b5 31. Kd2 Rg3 32. Rh6+
Kg7 33. Rxc6 Rxh3 34. Re6 Kf7 35. Re5 Rh2+ 36. Re2 Rh5 37. b3 Rd5+ 38. Kc3 Kf6
39. Rd2 Ke6 40. Rxd5 Kxd5 41. Kd3 b4 42. c4+ bxc3 43. Kxc3 Kc5 44. a4 Kb6 45.
Kd4 Kc6 46. Kc4 Kd6 47. Kb5 Kd5 48. Kxa5 Kc6 49. b4 Kb7 50. Kb5 Ka7 51. Kc6 Kb8
52. b5 Ka7 53. b6+ Ka6 54. Kc7 Ka5 55. b7 Kxa4 56. b8=Q 1-0

[Event "NAYCC U10"]
[Site "Kingston CAN"]
[Date "2019.08.16"]
[Round "1.44"]
[White "Qiu, Max"]
[Black "Garcia, Maximiliano"]
[Result "0-1"]
[WhiteElo "888"]
[BlackElo "1391"]
[PlyCount "136"]
[EventDate "2019.08.16"]
[EventType "swiss"]
[EventRounds "9"]
[EventCountry "CAN"]

1. c4 g6 2. Nc3 Bg7 3. g3 Nf6 4. Bg2 d6 5. e3 O-O 6. Nge2 Nbd7 7. b3 c6 8. O-O
Qc7 9. Bb2 b6 10. d3 Bb7 11. Qd2 c5 12. f3 Qc8 13. e4 Qc7 14. Nf4 Bh6 15. Nfd5
Bxd2 16. Nxc7 Rac8 17. N7d5 Bh6 18. Kh1 Bg7 19. Rab1 Nxd5 20. Nxd5 Bxd5 21.
Bxg7 Kxg7 22. exd5 Ne5 23. Rfd1 e6 24. f4 Nd7 25. Bh3 Rfe8 26. Re1 f5 27. dxe6
Nb8 28. b4 Kf6 29. bxc5 dxc5 30. g4 Rxe6 31. Rxe6+ Kxe6 32. Re1+ Kf6 33. g5+
Kf7 34. Bg2 Re8 35. Bd5+ Kf8 36. Rxe8+ Kxe8 37. Bg8 Kf8 38. Bxh7 Kg7 39. Bxg6
Kxg6 40. Kg2 Nc6 41. a3 Nd4 42. Kf2 Kg7 43. h4 Kg6 44. a4 a5 45. Ke3 Kh5 46.
Kd2 Kxh4 47. Ke3 Kg4 48. g6 Ne6 49. d4 cxd4+ 50. Kd3 Nxf4+ 51. Kxd4 Nxg6 52. c5
bxc5+ 53. Kxc5 f4 54. Kb5 f3 55. Kxa5 f2 56. Kb4 f1=Q 57. a5 Qb1+ 58. Kc5 Qb7
59. Kc4 Ne5+ 60. Kc5 Qa6 61. Kb4 Nc6+ 62. Ka4 Qxa5+ 63. Kb3 Qb4+ 64. Ka2 Kf4
65. Ka1 Ke3 66. Ka2 Kd2 67. Ka1 Kc2 68. Ka2 Qb2# 0-1

[Event "NAYCC U10"]
[Site "Kingston CAN"]
[Date "2019.08.16"]
[Round "1.45"]
[White "Yang, Larry"]
[Black "Liu, Henry"]
[Result "1-0"]
[WhiteElo "1378"]
[BlackElo "797"]
[PlyCount "37"]
[EventDate "2019.08.16"]
[EventType "swiss"]
[EventRounds "9"]
[EventCountry "CAN"]

1. e4 c5 2. Nc3 Nc6 3. f4 d6 4. Nge2 Nf6 5. g3 g6 6. Bg2 Bg7 7. O-O O-O 8. h3
e5 9. f5 gxf5 10. exf5 Nd4 11. g4 h5 12. gxh5 Nxf5 13. Kh2 Nxh5 14. Be4 Nd4 15.
Nxd4 cxd4 16. Qxh5 Re8 17. Qxf7+ Kh8 18. Qh5+ Kg8 19. Qh7# 1-0

[Event "NAYCC U10"]
[Site "Kingston CAN"]
[Date "2019.08.16"]
[Round "1.46"]
[White "Huang, Ryan"]
[Black "Chen, Vincent"]
[Result "0-1"]
[WhiteElo "773"]
[BlackElo "1368"]
[PlyCount "70"]
[EventDate "2019.08.16"]
[EventType "swiss"]
[EventRounds "9"]
[EventCountry "CAN"]

1. e4 e6 2. d4 d5 3. Nd2 Nf6 4. Ngf3 dxe4 5. Ng5 Qxd4 6. Nb3 Qxd1+ 7. Kxd1 h6
8. Nh3 Nc6 9. Bb5 Bd7 10. Bf4 O-O-O 11. Bxc6 Bxc6+ 12. Ke1 e3 13. Bxe3 Bxg2 14.
Rg1 Bxh3 15. Rg3 Bf5 16. Kf1 Bxc2 17. Nd4 Bg6 18. Rh3 Bc5 19. Rd1 Bxd4 20. Bxd4
e5 21. Re3 exd4 22. Re7 d3 23. Kg2 d2 24. Re3 Bc2 25. Rg1 Rd5 26. Ra3 Nh5 27.
Rxa7 Rg5+ 28. Kf1 Nf4 29. f3 Rxg1+ 30. Kxg1 d1=Q+ 31. Kf2 Qe2+ 32. Kg1 Nh3+ 33.
Kh1 Qe4 34. Ra8+ Kd7 35. Rxh8 Qxf3# 0-1

[Event "NAYCC U10"]
[Site "Kingston CAN"]
[Date "2019.08.16"]
[Round "1.47"]
[White "Chamadia, Avaan"]
[Black "Villegas, Howard"]
[Result "1-0"]
[WhiteElo "1362"]
[BlackElo "724"]
[PlyCount "89"]
[EventDate "2019.08.16"]
[EventType "swiss"]
[EventRounds "9"]
[EventCountry "CAN"]

1. e4 e5 2. Nf3 Nc6 3. Bc4 h6 4. c3 Nf6 5. d3 Bc5 6. d4 exd4 7. e5 Ng4 8. cxd4
Bb4+ 9. Nc3 d6 10. h3 dxe5 11. d5 e4 12. hxg4 exf3 13. dxc6 Qxd1+ 14. Kxd1 fxg2
15. Re1+ Be7 16. Nd5 Bxg4+ 17. Kc2 Be6 18. Nxc7+ Kf8 19. Bxe6 fxe6 20. Nxa8
bxc6 21. Bf4 Kf7 22. Nc7 Bh4 23. Rg1 g5 24. Be5 Rf8 25. Rxg2 Kg6 26. Rh1 Bxf2
27. Rf1 Rf5 28. Rgxf2 Rxe5 29. Rf6+ Kh5 30. Rxe6 Rxe6 31. Nxe6 g4 32. Rh1+ Kg6
33. Nf4+ Kg5 34. Ng2 h5 35. Rh4 a6 36. Kc3 g3 37. Kb4 Kf5 38. Kc5 a5 39. Kxc6
a4 40. b4 axb3 41. axb3 Ke5 42. b4 Kf5 43. b5 Kg5 44. b6 Kf6 45. b7 1-0

[Event "NAYCC U10"]
[Site "Kingston CAN"]
[Date "2019.08.16"]
[Round "1.48"]
[White "Luan, Jacky"]
[Black "Meister, Xan"]
[Result "0-1"]
[WhiteElo "594"]
[BlackElo "1353"]
[PlyCount "52"]
[EventDate "2019.08.16"]
[EventType "swiss"]
[EventRounds "9"]
[EventCountry "CAN"]

1. d4 Nf6 2. c4 e6 3. Bg5 Bb4+ 4. Nd2 b6 5. a3 Bxd2+ 6. Qxd2 Bb7 7. d5 exd5 8.
cxd5 O-O 9. Nf3 d6 10. e4 Re8 11. Bd3 Bxd5 12. Qe3 Nbd7 13. O-O h6 14. Bxf6
Nxf6 15. Rfe1 Bxe4 16. Bxe4 Rxe4 17. Qd3 Qe7 18. Rxe4 Qxe4 19. Qxe4 Nxe4 20.
Re1 Nc5 21. b4 Ne6 22. Kf1 a5 23. b5 Kf8 24. a4 Nc5 25. Ra1 Re8 26. g3 Re4 0-1

[Event "NAYCC U10"]
[Site "Kingston CAN"]
[Date "2019.08.16"]
[Round "1.49"]
[White "Kvirikadze, Becka"]
[Black "Odrcich, Eric"]
[Result "1-0"]
[WhiteElo "1340"]
[BlackElo "564"]
[PlyCount "59"]
[EventDate "2019.08.16"]
[EventType "swiss"]
[EventRounds "9"]
[EventCountry "CAN"]

1. e4 e5 2. Nf3 Nc6 3. Bc4 f6 4. Nc3 Nge7 5. O-O g5 6. d4 d5 7. exd5 Nxd5 8.
Bxd5 exd4 9. Bxc6+ bxc6 10. Qxd4 Bf5 11. Re1+ Be7 12. Qxf6 Rf8 13. Qxc6+ Bd7
14. Qe4 g4 15. Bg5 Rf7 16. Ne5 Bxg5 17. Nc6+ Re7 18. Nxe7 Bxe7 19. Nd5 Bc6 20.
Qxe7+ Qxe7 21. Nxe7 Rb8 22. Nxc6+ Kf8 23. Nxb8 Kg7 24. b4 Kg6 25. a4 Kg5 26. c4
Kh4 27. b5 a5 28. Re5 h5 29. g3+ Kh3 30. Rxh5# 1-0

[Event "NAYCC U10"]
[Site "Kingston CAN"]
[Date "2019.08.16"]
[Round "2.22"]
[White "Yang, Jingyun (Ryan)"]
[Black "Yao, Henry"]
[Result "1-0"]
[WhiteElo "1875"]
[BlackElo "1405"]
[PlyCount "61"]
[EventDate "2019.08.16"]
[EventType "swiss"]
[EventRounds "9"]
[EventCountry "CAN"]

1. e4 e6 2. d4 d5 3. Nc3 Nf6 4. e5 Nfd7 5. Nf3 c5 6. Nb5 Qb6 7. c3 a6 8. Na3
Nc6 9. Nc2 Be7 10. Be2 Qc7 11. O-O b6 12. Re1 Bb7 13. Bf4 O-O 14. Rc1 Rac8 15.
Qd2 Qd8 16. h4 f6 17. exf6 Bxf6 18. Ng5 Bxg5 19. Bxg5 Qc7 20. Bg4 e5 21. Be6+
Kh8 22. Bxd5 exd4 23. cxd4 cxd4 24. Nxd4 Qd6 25. Nxc6 Bxc6 26. Rxc6 Rxc6 27.
Be7 Qc7 28. Bxc6 Qxc6 29. Bxf8 Nxf8 30. Qc3 Qd7 31. Qb4 1-0

[Event "NAYCC U10"]
[Site "Kingston CAN"]
[Date "2019.08.16"]
[Round "2.23"]
[White "Lin, Leo"]
[Black "Yang, Andersen"]
[Result "1-0"]
[WhiteElo "1772"]
[BlackElo "1400"]
[PlyCount "89"]
[EventDate "2019.08.16"]
[EventType "swiss"]
[EventRounds "9"]
[EventCountry "CAN"]

1. Nf3 d5 2. c4 e6 3. d4 Nf6 4. Nc3 Nbd7 5. Bg5 c6 6. e3 Qa5 7. Bd3 Ne4 8. Bxe4
dxe4 9. Ne5 Nxe5 10. dxe5 Bb4 11. O-O Bxc3 12. bxc3 O-O 13. Qd4 f6 14. Bf4 f5
15. Rfd1 h6 16. h4 Qc7 17. Qd6 Qxd6 18. Rxd6 Kf7 19. Rad1 Ke7 20. f3 exf3 21.
gxf3 Rg8 22. e4 g6 23. Bxh6 fxe4 24. Bg5+ Kf7 25. fxe4 c5 26. Rf1+ Kg7 27. Rd3
Rf8 28. Bh6+ Kxh6 29. Rxf8 b6 30. Rdd8 Bb7 31. Rxa8 Bxa8 32. Rh8+ Kg7 33. Rxa8
a5 34. Ra6 a4 35. Rxb6 a3 36. Ra6 Kf7 37. Rxa3 Ke8 38. Rb3 Kd8 39. a4 Kc7 40.
a5 Kc8 41. a6 Kc7 42. a7 Kd7 43. a8=Q Kc7 44. Rb7+ Kc6 45. Qc8# 1-0

[Event "NAYCC U10"]
[Site "Kingston CAN"]
[Date "2019.08.16"]
[Round "2.24"]
[White "Liu, Lucas"]
[Black "Zhang, Arthur"]
[Result "0-1"]
[WhiteElo "1401"]
[BlackElo "1703"]
[PlyCount "94"]
[EventDate "2019.08.16"]
[EventType "swiss"]
[EventRounds "9"]
[EventCountry "CAN"]

1. d4 d5 2. c4 e6 3. Nc3 Nf6 4. Bg5 Be7 5. Nf3 h6 6. Bh4 O-O 7. e3 b6 8. cxd5
Nxd5 9. Bxe7 Qxe7 10. e4 Nxc3 11. bxc3 Bb7 12. Bd3 Nd7 13. O-O Nf6 14. Re1 Rac8
15. c4 Rfd8 16. Qc2 Nh7 17. Rad1 Ng5 18. Nxg5 Qxg5 19. Bf1 e5 20. d5 c6 21. Qc1
Qg6 22. Qb1 Rd6 23. c5 Rd7 24. cxb6 axb6 25. dxc6 Bxc6 26. Rxd7 Bxd7 27. Rd1
Ba4 28. Rd2 Qc6 29. Qb2 Qc1 30. Qxc1 Rxc1 31. Rb2 Bc2 32. f3 Bd3 33. Rf2 Kf8
34. g3 Ke7 35. Kg2 Bxf1+ 36. Rxf1 Rxf1 37. Kxf1 Kd6 38. Ke2 Kc5 39. Kd3 Kb4 40.
f4 f6 41. fxe5 fxe5 42. h3 Ka3 43. Kc4 Kxa2 44. Kb4 Kb2 45. Kc4 Kc2 46. h4 g6
47. g4 Kd2 0-1

[Event "NAYCC U10"]
[Site "Kingston CAN"]
[Date "2019.08.16"]
[Round "2.25"]
[White "Tang, Benjamin"]
[Black "Yang, Larry"]
[Result "1-0"]
[WhiteElo "1679"]
[BlackElo "1378"]
[PlyCount "51"]
[EventDate "2019.08.16"]
[EventType "swiss"]
[EventRounds "9"]
[EventCountry "CAN"]

1. e4 e5 2. Nf3 Nc6 3. d4 exd4 4. Nxd4 Bc5 5. Be3 Bxd4 6. Bxd4 Nxd4 7. Qxd4 Qf6
8. e5 Qb6 9. Qxb6 axb6 10. Nc3 c6 11. Ne4 Nh6 12. Nd6+ Ke7 13. Bc4 f6 14. f4
fxe5 15. fxe5 Ra5 16. O-O b5 17. Bb3 c5 18. Bd5 b6 19. Nf7 Rf8 20. Nxh6 gxh6
21. Rxf8 Kxf8 22. Rf1+ Kg7 23. Rf7+ Kg6 24. Rf8 Ba6 25. Rf6+ Kg5 26. g3 1-0

[Event "NAYCC U10"]
[Site "Kingston CAN"]
[Date "2019.08.16"]
[Round "2.26"]
[White "Garcia, Maximiliano"]
[Black "Guo, Edward"]
[Result "0-1"]
[WhiteElo "1391"]
[BlackElo "1666"]
[PlyCount "96"]
[EventDate "2019.08.16"]
[EventType "swiss"]
[EventRounds "9"]
[EventCountry "CAN"]

1. d4 Nf6 2. Bf4 g6 3. e3 Bg7 4. Nf3 O-O 5. Nbd2 d6 6. Bd3 Nbd7 7. c3 Qe8 8.
Bc2 e5 9. Bg3 Qe7 10. h3 Re8 11. O-O e4 12. Ng5 d5 13. h4 h6 14. Nh3 Nf8 15.
Nf4 Ne6 16. Nxe6 Bxe6 17. f3 exf3 18. Nxf3 Bg4 19. Bd3 Qxe3+ 20. Kh2 Qe7 21.
Bb5 c6 22. Bd3 Ne4 23. Re1 Qd7 24. Qc2 Nxg3 25. Kxg3 Be6 26. c4 dxc4 27. Bxc4
Qd6+ 28. Kf2 Bxd4+ 29. Kf1 Bxc4+ 30. Qxc4 Bg7 31. Qg4 Rad8 32. Qa4 a6 33. Rad1
Rxe1+ 34. Kxe1 Qxd1+ 35. Qxd1 Rxd1+ 36. Kxd1 Bxb2 37. Nd2 Bf6 38. g3 Kf8 39.
Nc4 b5 40. Nd6 Ke7 41. Ne4 Be5 42. g4 Bd6 43. Nxd6 Kxd6 44. g5 hxg5 45. hxg5
Ke5 46. Kc2 Kf5 47. Kd3 c5 48. a3 Kxg5 0-1

[Event "NAYCC U10"]
[Site "Kingston CAN"]
[Date "2019.08.16"]
[Round "2.27"]
[White "Soni, Arjun"]
[Black "Chamadia, Avaan"]
[Result "0-1"]
[WhiteElo "1665"]
[BlackElo "1362"]
[PlyCount "80"]
[EventDate "2019.08.16"]
[EventType "swiss"]
[EventRounds "9"]
[EventCountry "CAN"]

1. e4 c5 2. c3 g6 3. Na3 Bg7 4. Nf3 a6 5. d3 d6 6. Be2 Nf6 7. O-O O-O 8. Re1
Nc6 9. h3 Kh8 10. Bf1 b5 11. Nc2 Bb7 12. Bg5 Ng8 13. Be3 Qd7 14. d4 cxd4 15.
Ncxd4 Ne5 16. Bc1 Nxf3+ 17. Nxf3 f5 18. Bd3 fxe4 19. Bxe4 Bxe4 20. Rxe4 e5 21.
Nh4 Nf6 22. Re1 Rae8 23. Nf3 e4 24. Nd4 d5 25. a4 Rf7 26. axb5 axb5 27. Qb3 Nh5
28. Be3 Rb8 29. Ra5 Bxd4 30. Bxd4+ Kg8 31. Ra7 Qf5 32. Rxf7 Qxf7 33. Ra1 Nf4
34. Be5 Ne2+ 35. Kf1 Rf8 36. Kxe2 Qxf2+ 37. Kd1 Qf1+ 38. Kd2 Qd3+ 39. Kc1 Rf1+
40. Qd1 Rxd1# 0-1

[Event "NAYCC U10"]
[Site "Kingston CAN"]
[Date "2019.08.16"]
[Round "2.28"]
[White "Chen, Vincent"]
[Black "Zhang, Brian"]
[Result "0-1"]
[WhiteElo "1368"]
[BlackElo "1526"]
[PlyCount "60"]
[EventDate "2019.08.16"]
[EventType "swiss"]
[EventRounds "9"]
[EventCountry "CAN"]

1. e4 c6 2. d4 d5 3. exd5 cxd5 4. Nc3 Nf6 5. Bg5 e6 6. Nf3 Nc6 7. Bb5 Bd7 8.
Ne5 Be7 9. Nxd7 Qxd7 10. O-O O-O 11. Re1 Rac8 12. Ne2 Rfd8 13. c3 Ne4 14. Bxe7
Qxe7 15. Ng3 Nf6 16. Nf5 Qc7 17. Ne3 Qf4 18. g3 Qd6 19. Ng4 Ne4 20. Bxc6 bxc6
21. Ne5 c5 22. f3 Nf6 23. Qa4 Qb6 24. dxc5 Qxc5+ 25. Kh1 d4 26. Rac1 dxc3 27.
Rxc3 Qf2 28. Rce3 Rd2 29. R3e2 Rxe2 30. Rxe2 Qf1# 0-1

[Event "NAYCC U10"]
[Site "Kingston CAN"]
[Date "2019.08.16"]
[Round "2.29"]
[White "Vemparala, Nikash"]
[Black "Kvirikadze, Becka"]
[Result "1-0"]
[WhiteElo "1485"]
[BlackElo "1340"]
[PlyCount "55"]
[EventDate "2019.08.16"]
[EventType "swiss"]
[EventRounds "9"]
[EventCountry "CAN"]

1. e4 c5 2. Nc3 d6 3. g3 e5 4. Bg2 Nf6 5. d3 Nc6 6. Be3 Be6 7. f4 Be7 8. Nf3
Ng4 9. Bd2 f6 10. f5 Bd7 11. h3 Nh6 12. Bxh6 gxh6 13. Nh4 Nd4 14. Nd5 Qa5+ 15.
c3 Rg8 16. Qh5+ Kd8 17. Qxh6 Rxg3 18. Qxh7 Qb5 19. O-O Qxd3 20. Kh2 Rg5 21. Nf3
Rxg2+ 22. Kxg2 Qxe4 23. Qh8+ Be8 24. Nxf6 Bxf6 25. Qxf6+ Kc7 26. Qg7+ Bd7 27.
f6 Qf5 28. Ng5 1-0

[Event "NAYCC U10"]
[Site "Kingston CAN"]
[Date "2019.08.16"]
[Round "2.30"]
[White "Meister, Xan"]
[Black "Wang, Andy Zixin"]
[Result "0-1"]
[WhiteElo "1353"]
[BlackElo "1482"]
[PlyCount "148"]
[EventDate "2019.08.16"]
[EventType "swiss"]
[EventRounds "9"]
[EventCountry "CAN"]

1. d4 d5 2. c4 dxc4 3. e3 c5 4. Nf3 Bg4 5. Bxc4 Nc6 6. Qb3 e6 7. Qxb7 Qc8 8.
Ba6 Nce7 9. Qb5+ Qc6 10. Qxc6+ Nxc6 11. Bb7 Nb4 12. Bxa8 Nc2+ 13. Kd2 Nxa1 14.
b3 Bf5 15. e4 Bg6 16. Bb2 Nxb3+ 17. axb3 Nf6 18. Nc3 cxd4 19. Nxd4 Bb4 20. Bc6+
Ke7 21. e5 Ng4 22. Bf3 Rd8 23. Ke2 Rxd4 24. Nd5+ Rxd5 25. Bxd5 exd5 26. Rd1 Ke6
27. Rd4 Bc5 28. Rxg4 Bh5 29. f3 Bxg4 30. fxg4 d4 31. Kd3 Kxe5 32. g3 a5 33. Kc4
Ba7 34. Kd3 g5 35. Bc1 h6 36. Bd2 Bb6 37. b4 a4 38. Bc1 f5 39. gxf5 Kxf5 40. h3
h5 41. Bb2 Ke5 42. Bc1 g4 43. hxg4 hxg4 44. Bb2 Kd5 45. b5 Kc5 46. Bxd4+ Kxb5
47. Be5 Bf2 48. Kc2 Kc4 49. Kd2 Kb3 50. Kc1 a3 51. Kb1 a2+ 52. Ka1 Be1 53. Bb2
Bc3 54. Bxc3 Kxc3 55. Kxa2 Kd3 56. Kb2 Ke3 57. Kc2 Kf3 58. Kd2 Kxg3 59. Ke2 Kh2
60. Kf1 g3 61. Ke2 g2 62. Kd3 g1=Q 63. Ke4 Qg3 64. Kd5 Qf4 65. Ke6 Qg5 66. Kd6
Kg3 67. Ke6 Kf4 68. Kd6 Ke4 69. Ke6 Qg6+ 70. Kd7 Kd5 71. Ke7 Qe6+ 72. Kd8 Qf7
73. Kc8 Kc6 74. Kd8 Qd7# 0-1

[Event "NAYCC U10"]
[Site "Kingston CAN"]
[Date "2019.08.16"]
[Round "2.31"]
[White "Liu, Eric"]
[Black "Ran, Sean"]
[Result "1-0"]
[WhiteElo "1459"]
[BlackElo "1264"]
[PlyCount "57"]
[EventDate "2019.08.16"]
[EventType "swiss"]
[EventRounds "9"]
[EventCountry "CAN"]

1. d4 d5 2. c4 e6 3. Nc3 Nf6 4. Nf3 c5 5. e3 Nc6 6. Bd3 Bd7 7. O-O Qc7 8. Qe2
Be7 9. Bd2 O-O-O 10. Rac1 Rdg8 11. cxd5 exd5 12. dxc5 g5 13. e4 d4 14. Nd5 Qb8
15. Nxe7+ Nxe7 16. Bxg5 Bh3 17. gxh3 h6 18. e5 Nfd5 19. Nxd4 Rxg5+ 20. Kh1 Rxe5
21. Qg4+ Kd8 22. Nf3 Re6 23. Qd4 Rg8 24. Be4 Rxe4 25. Qxe4 f5 26. Qe5 Qa8 27.
Qd6+ Ke8 28. Rfe1 Rg6 29. Qxg6+ 1-0

[Event "NAYCC U10"]
[Site "Kingston CAN"]
[Date "2019.08.16"]
[Round "2.32"]
[White "Chinni, Rishabh"]
[Black "Reyes, Isaac"]
[Result "1-0"]
[WhiteElo "1324"]
[BlackElo "1451"]
[PlyCount "53"]
[EventDate "2019.08.16"]
[EventType "swiss"]
[EventRounds "9"]
[EventCountry "CAN"]

1. e4 e5 2. Nf3 Nc6 3. Bc4 Bc5 4. c3 Nf6 5. d4 exd4 6. e5 Qe7 7. cxd4 Bb4+ 8.
Nc3 O-O 9. O-O Ne8 10. Bg5 Nf6 11. exf6 gxf6 12. Nd5 Qd8 13. Nxf6+ Kh8 14. Nxh7
f6 15. Nxf8 Bxf8 16. Bh4 d5 17. Ne5 Kg7 18. Nxc6 bxc6 19. Bd3 Rb8 20. Qh5 Be7
21. Bg6 Qg8 22. Rae1 Bf8 23. Re3 Bd6 24. Rfe1 Rxb2 25. Re7+ Bxe7 26. Rxe7+ Kf8
27. Re8+ 1-0

[Event "NAYCC U10"]
[Site "Kingston CAN"]
[Date "2019.08.16"]
[Round "2.33"]
[White "Beechener, Alexander"]
[Black "Jiang, Barron Jiyu"]
[Result "0-1"]
[WhiteElo "497"]
[BlackElo "1421"]
[PlyCount "32"]
[EventDate "2019.08.16"]
[EventType "swiss"]
[EventRounds "9"]
[EventCountry "CAN"]

1. Nc3 e5 2. d4 exd4 3. Qxd4 Nc6 4. Ne4 Nxd4 5. Nf3 Nxf3+ 6. gxf3 d5 7. Bg5 f6
8. Rd1 fxg5 9. Nxg5 Qxg5 10. Rxd5 Qxd5 11. e4 Qa5+ 12. b4 Bxb4+ 13. Kd1 Be6 14.
Rg1 O-O-O+ 15. Ke2 Bc4+ 16. Ke3 Bd2# 0-1

[Event "NAYCC U10"]
[Site "Kingston CAN"]
[Date "2019.08.16"]
[Round "2.34"]
[White "Williamson, Mobius"]
[Black "Velasquez, Noah"]
[Result "1-0"]
[WhiteElo "1420"]
[BlackElo "1039"]
[PlyCount "135"]
[EventDate "2019.08.16"]
[EventType "swiss"]
[EventRounds "9"]
[EventCountry "CAN"]

1. c4 c5 2. Nc3 g6 3. g3 Bg7 4. Bg2 Nc6 5. Nf3 Nf6 6. d3 e6 7. O-O O-O 8. Bd2
b6 9. a3 a6 10. Rb1 d6 11. Ne5 dxe5 12. Bxc6 Rb8 13. Qc1 Bb7 14. Bxb7 Rxb7 15.
Bh6 Ne8 16. Bxg7 Kxg7 17. Qe3 Qc7 18. Ne4 h6 19. f4 f5 20. Nc3 Qd6 21. Qxe5+
Qxe5 22. fxe5 Nc7 23. b4 cxb4 24. axb4 Rfb8 25. d4 Ne8 26. c5 bxc5 27. bxc5
Rxb1 28. Rxb1 Rxb1+ 29. Nxb1 Nc7 30. Nc3 Kf7 31. Kf2 Ke7 32. Ke3 Kd7 33. Kd3
Kc6 34. Kc4 g5 35. e3 h5 36. Kb4 h4 37. gxh4 gxh4 38. h3 Na8 39. Ne2 Nc7 40.
Nc3 Na8 41. Ka5 Nc7 42. Kb4 Na8 43. Kc4 Nc7 44. Kb3 Na8 45. Kb4 Nc7 46. Kc4 Na8
47. d5+ exd5+ 48. Nxd5 Kd7 49. Kd4 a5 50. Nb6+ Nxb6 51. cxb6 Kc6 52. e6 a4 53.
Kc4 Kxb6 54. e7 a3 55. Kb3 Kc7 56. e8=Q a2 57. Kxa2 Kd6 58. Qh5 Ke5 59. Qxh4
Kd6 60. Qf4+ Ke6 61. h4 Kd7 62. h5 Kc8 63. h6 Kb7 64. h7 Ka7 65. h8=Q Kb7 66.
Qxf5 Kc7 67. Qg7+ Kd8 68. Qff8# 1-0

[Event "NAYCC U10"]
[Site "Kingston CAN"]
[Date "2019.08.16"]
[Round "2.35"]
[White "Huang, Ivan"]
[Black "Xu, Alex"]
[Result "0-1"]
[WhiteElo "1138"]
[BlackElo "1763"]
[PlyCount "82"]
[EventDate "2019.08.16"]
[EventType "swiss"]
[EventRounds "9"]
[EventCountry "CAN"]

1. e4 e6 2. d4 d5 3. Nd2 Nf6 4. e5 Nfd7 5. f4 c5 6. c3 Nc6 7. Ngf3 Be7 8. Bd3
Qb6 9. Qb3 c4 10. Qxb6 axb6 11. Bc2 b5 12. g4 b4 13. f5 b3 14. Bb1 b5 15. a3 b4
16. g5 bxa3 17. bxa3 Nb6 18. f6 gxf6 19. gxf6 Bf8 20. Nf1 Na4 21. Bd2 Na7 22.
Ng5 Nb5 23. Nxh7 Naxc3 24. Ng5 b2 25. Bxc3 Nxc3 26. Ra2 Nxa2 27. Bxa2 Rxa3 28.
Bb1 Ra1 29. Nd2 c3 30. Ngf3 Bb4 31. Ke2 Ba6+ 32. Ke3 c2 33. Kf2 c1=Q 34. Rg1
Bxd2 35. Bh7 Be3+ 36. Kg3 Qxg1+ 37. Nxg1 Rxg1+ 38. Kf3 Rxh7 39. Kxe3 b1=Q 40.
Kf2 Rxh2+ 41. Ke3 Qe4# 0-1